000 00793nam a2200193 4500
001 144411
003 ES-MaACL
005 20250927160129.0
007 t|
008 070214s1969 sp r ||||1| spa d
100 1 _aSiri, José.
_9106677
245 1 0 _aIdeales santos y presencia celestial en el mundo
_b: mensaje pastoral y doctrinal de S. E. el Cardenal José Siri, arzobispo de Génova /
_c[traducción de la versión francesa por D. Juan Bonelli Rubio ; cotejada con el original italiano por D. Luis Ruiz Galiana].
260 _aMadrid :
_b[s. n.],
_c1969 (
_fImp. Pablo López)
300 _a60 p. ;
_c22 cm.
700 1 _aBonelli Rubio, Juan María,
_d1904-1981
_930103
700 1 _aRuiz Galiana, Luis.
_9100810
852 _aES-MaACL
_jC-48529
_bR.68817
999 _c144411
_d144411